000 00381nam a2200133Ia 4500
008 231129s2004||||xx |||||||||||||| ||spa||
020 _a84-672-1140-7
082 _a863.6 M363a
100 _aMartí­n Garzo Gustavo.
245 0 _aLos amores imprudentes
260 _c2004
264 _aBarcelona : Cí­rculo de Lectores
942 _2ddc
_cBKS
999 _c19472
_d19472